Benin-Quiz - Statistiken

Allgemein
  • Dieses Quiz wurde 1.226 mal gespielt
  • Das Durchschnittsergebnis liegt bei 9 aus 18
Antwortstatistiken
Frage Antwort % Korrekt
Westliches Nachbarland Togo
93%
Amtssprache Französisch
91%
Nachbarland, in dem sich die Stadt « Benin City » befindet Nigeria
80%
Die obige Bucht ist Teil dieses Golfs Golf von {Guinea}
74%
Name für die Region um Benin, nach einem grausamen Handel benannt {Sklaven}küste
72%
Hauptstadt von Benin Porto-Novo
71%
Ideologie der Regierung, 1975–1990 {Kommun}ismus
69%
Europäisches Land, das in Grösse und Form Benin am ähnlichsten ist Portugal
68%
Währung von Benin (und sieben weitere Länder) CFA-Franc
59%
Religion, die von 11.6% der Bevölkerung praktiziert wird, weltweit der grösste Anteil (Anfangsbuchstabe V) Voodoo
49%
Bucht, an der die Küste von Benin liegt Bucht von {Benin}
48%
Regierungssitz und größte Stadt von Benin Cotonou
42%
Anbauprodukt, das 40% der Exporte ausmacht Baumwolle
27%
Kolonialer Name von Benin Dahomey
23%
Meistgesprochene einheimische Sprachen Yoruba
18%
Meistgesprochene einheimische Sprachen Fon
16%
Beninisch-amerikanischer Schauspieler in "Blood Diamond" und "Gladiator" Djimon Hounsou
15%
Trockener Wind aus der Sahara, der Wüstensand mit sich bringt Harmattan
10%
Keine übereinstimmenden Quizze gefunden
Verteilung der Resultate
Anzahl Personen mit jedem Resultat
Perzentil nach korrekt beantworteten Fragen
Ihre Resultats-Entwicklung
Sie haben dieses Quiz noch nicht gespielt